Teología de la liberación: un debate actual.
Guardat en:
| Autor principal: | |
|---|---|
| Format: | Llibre |
| Publicat: |
Santiago, Chile:
Ediciones Communio,
1984.
|
| Matèries: | |
| Etiquetes: |
Afegir etiqueta
Sense etiquetes, Sigues el primer a etiquetar aquest registre!
|
MARC
| LEADER | 00000nam a22000007a 4500 | ||
|---|---|---|---|
| 003 | CL-VaPUC | ||
| 005 | 20220822114603.0 | ||
| 008 | 220708t1984 ||||| |||| 00| 0 eng d | ||
| 999 | |c 436874 |d 436872 | ||
| 040 | |c Pontificia Universidad Católica de Valparaíso | ||
| 082 | 0 | 4 | |a 261.8 MOR 1984 |2 21 |
| 100 | |a Moreno Valencia, Fernando |e autor |9 503994 | ||
| 245 | 1 | 0 | |a Teología de la liberación: un debate actual. |
| 260 | |a Santiago, Chile: |b Ediciones Communio, |c 1984. | ||
| 300 | |a 111 páginas. | ||
| 500 | |a c.1 Donación Familia Prof. Alejandro Guzmán Brito. | ||
| 583 | |a last modification |c 19921120 00:00:00 |k Cristina María Rojas Aguilar | ||
| 650 | 0 | |a Teología de la liberación |9 255471 | |
| 942 | |c BK |2 ddc |n 0 | ||
| 952 | |0 0 |1 0 |2 ddc |4 0 |6 261_800000000000000_MOR_1984 |7 0 |8 C_AGB |9 584604 |a BIBDER |b BIBDER |d 2022-07-08 |e Donación |i 5652724 |o 261.8 MOR 1984 |p 5652724 |r 2023-01-25 |t 1 |w 2022-07-08 |y BK_US |k AGB | ||